000
00332nam a22001457a 4500
008
210429b ||||| |||| 00| 0 eng d
020
_a
9780138893958
041
_a
eng
080
_2
5th
_a
338
082
_a
338
100
_a
53
101
_a
MEN
245
_a
Introductory Management Science
_c
Jeffrey H. Moore
942
_2
udc
_c
BK
999
_c
56993
_d
56993